01989nam a2200181 4500999001900000008004100019100003300060245013500093260001800228300003300246520130900279650002001588700003601608773001801644906002501662942001201687952010801699 c512557d512557191129b ||||| |||| 00| 0 eng d aWilhoit, Elizabeth D.914022 aThe relational ontology of resistance: Hybridity, ventriloquism, and materiality in the production of bike commuting as resistance bOrganization  a26(6), Nov, 2019: p.873-893. aMany studies of organizational resistance have focused on a knowing agent who intends to challenge power. In contrast, we suggest that resistance is the product of many agents of varying ontological statuses acting together. Using a study of bicycle commuting in the American Midwest (an activity that takes place at the edges of organizations), actor-network theory, and Cooren’s theory of ventriloquism, we demonstrate that resistance has a relational ontology. We show that bike commuters do not intend to resist through biking to work, decentering human action and intention in resistance. We then highlight three aspects of a relational understanding of resistance. First, bike commuting (and other resistive activity) is produced by a plenum of agencies of all ontological statuses, making resistance a hybrid activity, not limited to human agents. Second, activities of resistance and control come to have these meanings through their relationship with one another. Third, actions that come to mean resistance and control are put into conversation with each other to gain these meanings through ventriloquism. Through these arguments, we expand what can count as resistance, how resistance is produced, and who produces it, demonstrating that resistance is a relational production. _ Reproduced. aOntology914023 aKisselburgh, Lorraine G.914024 aOrganization  aResistance to change 2ddccAR 00102ddc40709386609aIIPAbIIPAd2019-11-29h26(6), Nov, 2019: p.873-893.pAR121909r2019-11-29yAR